[Event "Helsingor CC-ch"]
[Site "Helsingor"]
[Date "2022.01.11"]
[Round "4"]
[White "Hansen, Erik Hedegaard"]
[Black "Petersen, Jan"]
[Result "1-0"]
[WhiteElo "1661"]
[BlackElo "1653"]
[PlyCount "71"]
[EventDate "2022.01.11"]
[EventType "swiss"]
[EventRounds "7"]
[EventCountry "DEN"]
[SourceTitle "EXT 2024"]
[Source "ChessBase"]
[SourceDate "2023.10.10"]
[SourceVersion "1"]
[SourceVersionDate "2023.10.10"]
[SourceQuality "1"]

1. d4 Nf6 2. Nf3 e6 3. c4 Bb4+ 4. Nc3 b6 5. g3 Bb7 6. Bd2 Bxc3 7. Bxc3 Ne4 8. Bb4 d6 9. Bg2 0-0 10. 0-0 Nd7 11. Nd2 f5 12. f3 Nxd2 13. Bxd2 e5 14. d5 c6 15. e4 cxd5 16. cxd5 Ba6 17. Re1 fxe4 18. fxe4 Nc5 19. Bf1 Bxf1 20. Rxf1 Nxe4 21. Bb4 Nf6 22. Rc1 Rf7 23. Rc6 Rd7 24. Qf3 Rc8 25. Qf5 Rxc6 26. dxc6 Re7 27. Rd1 Ne8 28. Qd3 Re6 29. Qc4 Qe7 30. c7 Nxc7 31. Bxd6 Qd7 32. Qxc7 Qe8 33. Bxe5 Rxe5 34. Rd8 Re1+ 35. Kg2 Re2+ 36. Kh3 1-0

[Event "Helsingor CC-ch"]
[Site "Helsingor"]
[Date "2022.01.11"]
[Round "5"]
[White "Hansen, Erik Hedegaard"]
[Black "Rasmussen, Bent"]
[Result "0-1"]
[WhiteElo "1661"]
[BlackElo "1656"]
[PlyCount "58"]
[EventDate "2022.01.11"]
[EventType "swiss"]
[EventRounds "7"]
[EventCountry "DEN"]
[SourceTitle "EXT 2024"]
[Source "ChessBase"]
[SourceDate "2023.10.10"]
[SourceVersion "1"]
[SourceVersionDate "2023.10.10"]
[SourceQuality "1"]

1. d4 Nf6 2. c4 c5 3. d5 e6 4. Nc3 exd5 5. cxd5 d6 6. e4 g6 7. Be2 Bg7 8. Bg5 0-0 9. Nf3 Nbd7 10. 0-0 a6 11. a4 b6 12. Nd2 Qc7 13. Nc4 h6 14. Bf4 Ne8 15. Bg3 f5 16. exf5 Rxf5 17. Bd3 Rf8 18. Bxg6 Ndf6 19. Re1 Bg4 20. f3 Bh5 21. Bf5 Bf7 22. Be6 Nh5 23. Ne4 Nxg3 24. hxg3 Bd4+ 25. Kf1 Bxe6 26. dxe6 d5 27. Qd2 dxe4 28. Qxh6 Qxg3 29. Re2 exf3 0-1

[Event "Horsens Lang Weekend"]
[Site "Horsens"]
[Date "2017.07.13"]
[Round "2"]
[White "Hansen, Erik Hedegaard"]
[Black "Mermer, Yunus"]
[Result "1/2-1/2"]
[WhiteElo "1643"]
[BlackElo "1545"]
[PlyCount "57"]
[EventDate "2017.07.13"]
[EventType "swiss"]
[EventRounds "7"]
[EventCountry "DEN"]
[SourceTitle "EXT 2018"]
[Source "ChessBase"]
[SourceDate "2017.10.13"]
[SourceVersion "1"]
[SourceVersionDate "2017.10.13"]
[SourceQuality "1"]

1. d4 d5 2. c4 c6 3. e3 Nf6 4. Bd3 e6 5. Nc3 Bd6 6. Nf3 0-0 7. 0-0 Nbd7 8. e4 dxe4 9. Nxe4 Nxe4 10. Bxe4 e5 11. d5 cxd5 12. Bxd5 Nb6 13. Bg5 Qc7 14. Rc1 Nxd5 15. cxd5 Qb6 16. Qc2 Bg4 17. Be3 Qd8 18. Nd2 Rc8 19. Qa4 Be2 20. Rfe1 Rxc1 21. Rxc1 a6 22. Ne4 Bd3 23. Nxd6 Qxd6 24. Bc5 Rc8 25. Qe8+ Rxe8 26. Bxd6 f6 27. Bc7 Rc8 28. d6 Bb5 29. Ra1 1/2-1/2

[Event "DEN-ch G5-2B"]
[Site "Skorping"]
[Date "2017.04.15"]
[Round "3"]
[White "Hansen, Erik Hedegaard"]
[Black "Ankersen, Michael"]
[Result "1-0"]
[WhiteElo "1719"]
[BlackElo "1663"]
[PlyCount "51"]
[EventDate "2017.04.13"]
[EventType "swiss"]
[EventRounds "5"]
[EventCountry "DEN"]
[SourceTitle "EXT 2023"]
[Source "ChessBase"]
[SourceDate "2022.10.05"]
[SourceVersion "1"]
[SourceVersionDate "2022.10.05"]
[SourceQuality "1"]

1. d4 Nf6 2. c4 e6 3. Nc3 Bb4 4. Nf3 d5 5. e3 c5 6. a3 cxd4 7. Nxd4 Bxc3+ 8. bxc3 Nc6 9. Bd3 Ne5 10. cxd5 Nxd3+ 11. Qxd3 Nxd5 12. 0-0 0-0 13. e4 Ne7 14. Qg3 Qa5 15. Bf4 Ng6 16. Bc7 Qa4 17. h4 Bd7 18. h5 Ne7 19. Bd6 Rfe8 20. Be5 g6 21. Qg5 Nc6 22. Nxc6 Qxc6 23. Qf6 Kf8 24. Qg7+ Ke7 25. Qf6+ Kf8 26. Rad1 1-0

[Event "North Sea Cup 23th"]
[Site "Esbjerg"]
[Date "2008.07.15"]
[Round "7"]
[White "Jensby, Morten"]
[Black "Hansen, Erik Hedegaard"]
[Result "1-0"]
[WhiteElo "2021"]
[BlackElo "1818"]
[PlyCount "53"]
[EventDate "2008.07.11"]
[EventType "swiss"]
[EventRounds "10"]
[EventCountry "DEN"]
[SourceTitle "CBM 125 Extra"]
[Source "ChessBase"]
[SourceDate "2008.09.01"]
[SourceVersion "1"]
[SourceVersionDate "2008.09.01"]
[SourceQuality "1"]

1. c4 Nf6 2. g3 d5 3. Bg2 c6 4. d4 e6 5. Nf3 Bd6 6. 0-0 0-0 7. Nc3 Nbd7 8. c5 Bc7 9. Bf4 Bxf4 10. gxf4 b6 11. b4 Ba6 12. Qc2 h6 13. a4 Bc4 14. Nd2 b5 15. Nxc4 dxc4 16. axb5 Ng4 17. bxc6 Qh4 18. h3 Ndf6 19. e3 g5 20. hxg4 Nxg4 21. Rfb1 gxf4 22. exf4 Qh2+ 23. Kf1 f5 24. Ne2 Qh4 25. Ng3 Nh2+ 26. Kg1 Rfd8 27. Qe2 1-0

[Event "North Sea Cup 21st"]
[Site "Esbjerg"]
[Date "2006.07.15"]
[Round "9"]
[White "Berg, Peter"]
[Black "Hansen, Erik Hedegaard"]
[Result "1-0"]
[WhiteElo "1996"]
[BlackElo "1854"]
[PlyCount "67"]
[EventDate "2006.07.08"]
[EventType "swiss"]
[EventRounds "9"]
[EventCountry "DEN"]
[SourceTitle "CBM 113 Extra"]
[Source "ChessBase"]
[SourceDate "2006.09.14"]
[SourceVersion "1"]
[SourceVersionDate "2006.09.14"]
[SourceQuality "1"]

1. d4 Nf6 2. c4 g6 3. Nc3 d5 4. e3 Bg7 5. cxd5 Nxd5 6. Nf3 0-0 7. Qb3 Nxc3 8. bxc3 c5 9. Be2 cxd4 10. cxd4 a6 11. 0-0 b5 12. a4 Qb6 13. axb5 Be6 14. Qa3 a5 15. Qxe7 Rc8 16. Ba3 Bf8 17. Qg5 h6 18. Qg3 Bxa3 19. Rxa3 Nd7 20. Raa1 Bc4 21. Bxc4 Rxc4 22. Qh3 Qxb5 23. Qxh6 Nf8 24. Qg5 Qb4 25. Qd5 Rc2 26. Ne5 Ra7 27. h4 a4 28. h5 a3 29. hxg6 Qb2 30. gxf7+ Kg7 31. Qf3 Ra6 32. Qg4+ Kf6 33. Qh4+ Kg7 34. Qg5+ 1-0

[Event "North Sea Cup 21st"]
[Site "Esbjerg"]
[Date "2006.07.12"]
[Round "6"]
[White "Hansen, Erik Hedegaard"]
[Black "Kragh, Niels Kristian"]
[Result "1/2-1/2"]
[WhiteElo "1854"]
[BlackElo "2103"]
[PlyCount "115"]
[EventDate "2006.07.08"]
[EventType "swiss"]
[EventRounds "9"]
[EventCountry "DEN"]
[SourceTitle "CBM 113 Extra"]
[Source "ChessBase"]
[SourceDate "2006.09.14"]
[SourceVersion "1"]
[SourceVersionDate "2006.09.14"]
[SourceQuality "1"]

1. d4 d5 2. c4 e6 3. Nc3 Be7 4. Nf3 Nf6 5. e3 0-0 6. Bd3 dxc4 7. Bxc4 c5 8. 0-0 a6 9. a4 Nbd7 10. b3 cxd4 11. exd4 Nb6 12. Bg5 Bd7 13. Ne5 Rc8 14. Qe2 Be8 15. Rfd1 Nbd5 16. Nxd5 Nxd5 17. Bxe7 Nxe7 18. Rac1 Nd5 19. Qe4 Qg5 20. g3 b5 21. axb5 axb5 22. Bd3 f5 23. Qe1 Rxc1 24. Rxc1 Nf4 25. Bf1 Nd5 26. Nd3 Qe7 27. Bg2 Qd6 28. Nc5 Bd7 29. Nxd7 Qxd7 30. Qe5 Rd8 31. Rc5 Nf6 32. Rc7 Qd6 33. Qc5 b4 34. Qa7 Rd7 35. Rc8+ Kf7 36. Qc5 Qxd4 37. Qf8+ Kg6 38. Rc4 Qd1+ 39. Bf1 Rd2 40. Rc7 Rd7 41. Rxd7 Qxd7 42. Qxb4 Ne4 43. Qb6 Kf6 44. b4 Qd5 45. b5 Ng5 46. Qc6 Qxc6 47. bxc6 Ke7 48. Bc4 Kd6 49. Kg2 e5 50. f3 Ne6 51. Kf2 g5 52. Bd3 Nd4 53. Ke3 Kxc6 54. Bxf5 Nxf5+ 55. Ke4 Nd4 56. Kxe5 Nxf3+ 57. Kf5 Kd6 58. Kg4 1/2-1/2

[Event "North Sea Cup 21st"]
[Site "Esbjerg"]
[Date "2006.07.09"]
[Round "3"]
[White "Rud, Morten"]
[Black "Hansen, Erik Hedegaard"]
[Result "1-0"]
[WhiteElo "2195"]
[BlackElo "1854"]
[PlyCount "71"]
[EventDate "2006.07.08"]
[EventType "swiss"]
[EventRounds "9"]
[EventCountry "DEN"]
[SourceTitle "CBM 113 Extra"]
[Source "ChessBase"]
[SourceDate "2006.09.14"]
[SourceVersion "1"]
[SourceVersionDate "2006.09.14"]
[SourceQuality "1"]

1. e4 c5 2. g3 Nc6 3. Bg2 g6 4. Nc3 Nf6 5. d3 Bg7 6. Be3 d6 7. Nf3 0-0 8. h3 a6 9. Qd2 Be6 10. 0-0 Qd7 11. Kh2 Rfe8 12. Ng5 Rac8 13. Nxe6 fxe6 14. Bh6 Bh8 15. f4 Nd4 16. g4 Bg7 17. f5 Rf8 18. Qg5 Qe8 19. Rf2 Qf7 20. Bxg7 Kxg7 21. Raf1 h6 22. Qd2 g5 23. e5 dxe5 24. Bxb7 Rb8 25. Bxa6 Rxb2 26. fxe6 Qxe6 27. Bc4 Nxg4+ 28. hxg4 Qxg4 29. Rxf8 e6 30. Bb3 Nf5 31. R8xf5 exf5 32. Qg2 Qb4 33. Na4 Rxa2 34. Bxa2 Qxa4 35. Qb7+ Kg6 36. Qf7# 1-0

[Event "DEN-ch B5 Gr2 "]
[Site "Koge"]
[Date "2004.04.??"]
[Round "5"]
[White "Hansen, Erik Hedegaard"]
[Black "Rasmussen, Henning H"]
[Result "1/2-1/2"]
[WhiteElo "1755"]
[BlackElo "1742"]
[PlyCount "85"]
[EventDate "2004.04.08"]
[EventType "swiss"]
[EventRounds "5"]
[EventCountry "DEN"]
[SourceTitle "EXT 2023"]
[Source "ChessBase"]
[SourceDate "2022.10.05"]
[SourceVersion "1"]
[SourceVersionDate "2022.10.05"]
[SourceQuality "1"]

1. d4 Nf6 2. c4 d6 3. Nc3 Nbd7 4. e4 e5 5. d5 Be7 6. Bd3 Nc5 7. Bc2 a5 8. Nge2 0-0 9. 0-0 Ne8 10. Ng3 g6 11. f4 exf4 12. Bxf4 Bf6 13. Qd2 Bg7 14. Bh6 Nd7 15. Bxg7 Kxg7 16. Rf4 Ne5 17. Qe2 Nf6 18. Raf1 Ng8 19. Nb5 c5 20. dxc6 bxc6 21. Nc3 Qb6+ 22. Qf2 Qxf2+ 23. R1xf2 Nxc4 24. Bb3 Be6 25. Bxc4 Bxc4 26. e5 d5 27. b3 Bb5 28. Rg4 Kh8 29. Rh4 f5 30. exf6 Rxf6 31. Rxf6 Nxf6 32. Nxb5 cxb5 33. Rf4 Kg7 34. Ne2 b4 35. Nd4 Re8 36. Nc6 Ra8 37. Rf3 Ra6 38. Nd4 Ne4 39. Rd3 Nf6 40. Rd2 Rb6 41. Rc2 Rb7 42. Rc5 Ra7 43. Rb5 1/2-1/2

[Event "Ronne Jubilaum"]
[Site "Ronne"]
[Date "2001.06.27"]
[Round "5"]
[White "Hansen, Erik Hedegaard"]
[Black "Svanholm, Borge Waaktaar"]
[Result "1/2-1/2"]
[WhiteElo "1634"]
[BlackElo "1712"]
[PlyCount "70"]
[EventDate "2001.06.24"]
[EventType "swiss"]
[EventRounds "9"]
[EventCountry "DEN"]
[SourceTitle "EXT 2023"]
[Source "ChessBase"]
[SourceDate "2022.10.05"]
[SourceVersion "1"]
[SourceVersionDate "2022.10.05"]
[SourceQuality "1"]

1. d4 Nf6 2. c4 g6 3. Nc3 Bg7 4. e4 d6 5. Bd3 e5 6. d5 0-0 7. f3 Nbd7 8. b4 a5 9. Rb1 axb4 10. Rxb4 Nc5 11. Be3 Nfd7 12. Nge2 f5 13. 0-0 b6 14. Rb1 f4 15. Bf2 g5 16. g4 fxg3 17. Nxg3 Nf6 18. Be3 h6 19. Rf2 Kh8 20. Bf1 Qe8 21. Bg2 Rf7 22. Qf1 Kg8 23. Nb5 Qd8 24. h3 Ncd7 25. Nf5 Nh5 26. h4 Nf4 27. Bh3 Nf8 28. Bxf4 gxf4 29. Nxg7 Kxg7 30. Rg2+ Kh7 31. Bxc8 Rxc8 32. Qf2 Nd7 33. h5 Nf6 34. Qh4 Qe7 35. Rbb2 Rg8 1/2-1/2